|
|
|
|
| LEADER |
00645nam a22001932a 4500 |
| 001 |
000148172 |
| 003 |
CZ BrMZK |
| 005 |
20060920122700.0 |
| 008 |
970103s1992 xo f slo d |
| 040 |
|
|
|a BOA001
|b cze
|
| 080 |
|
|
|a 007.52(075.8)
|2 MRF
|
| 100 |
1 |
|
|a Tolnay, Marián
|7 mzk2006355869
|4 aut
|
| 245 |
1 |
0 |
|a Priemyselné roboty a manipulátory :
|b návody na cvičenia /
|c Marián Tolnay
|
| 250 |
|
|
|a 2. vyd.
|
| 260 |
|
|
|a Bratislava :
|b Slovenská technická univerzita,
|c 1992
|
| 300 |
|
|
|a 138 s.
|
| 910 |
|
|
|a BOA001
|b TK-A-0252.473
|
| 990 |
|
|
|a BK
|
| 996 |
7 |
|
|b 2629985143
|c TK-A-0252.473
|l MZK
|r Sklad / do 24 hodin
|n 1
|w 000148172
|u 000010
|a 1
|e BOA001
|j MZK50
|s A
|